000
00304nam a22001457a 4500
020
_a
81-7807-010-3
082
_a
823
_b
ISS/A
100
_a
ISAAC, N S
245
_a
ALL FOR A FUN
250
_a
FIRST EDITION
260
_a
ALUVA
_b
PEN BOOKS
_c
2001
300
_a
40
650
_a
JOKES
_z
KERALA
942
_c
BK
999
_c
5694
_d
5694